| 000 | 00496nam a22001697a 4500 | ||
|---|---|---|---|
| 999 |
_c41266 _d41266 |
||
| 003 | OSt | ||
| 005 | 20210412132232.0 | ||
| 008 | 210412b ||||| |||| 00| 0 eng d | ||
| 020 | _a9788182719163 | ||
| 040 | _coclc | ||
| 082 |
_a297 _bSAR/E |
||
| 100 |
_98586 _aSarjani, Ragib |
||
| 245 |
_aEthara Mathastharoddulla Sameepanam/ _cDr. Ragib Sarjani |
||
| 260 |
_aKozhikode: _b Islamic Publishing House, |
||
| 300 | _a124 pages | ||
| 942 |
_2ddc _cBK _h297 _iSAR/E _k297 _mSAR/E |
||